Michael Jackson's "Beat It" Parody (Weird Al "Eat It") Lyrics - Statistics

General Stats
  • This quiz has been taken 230 times
  • The average score is 32 of 41
Answer Stats
Song Hint Answer % Correct
So eat it, ___ eat it Just
93%
So ____ Eat It
92%
Just eat it, eat it, just ______, eat it Just eat it, eat it, just eat it, eat it, ooh Eat it
92%
So eat it, just _____ Eat it
92%
So _____ Eat it
92%
Just eat it, eat it,______, eat it Eat it
92%
Just eat it, eat it, eat it, _____ Eat it
92%
Just eat it, eat it, eat it, eat it Eat it, eat it, eat it, ______, eat it, eat it, eat it, eat it Eat it
92%
Just eat it, eat it, eat it, _____ Eat it
92%
Well, don't you know other kids are starving in _______ Japan
87%
Get yourself an ___ and beat it Egg
84%
Don't tell me you're ___ , Just eat it, eat it, eat it, eat it Full
83%
Now, if you starve to ______, you'll just have yourself to blame Death
82%
It doesn't matter what you had for ______ Lunch
80%
You're ______ with your food, this ain't some kind of game Playin'
80%
I don't ____ if you're full Care
79%
You won't get no_____ 'till you clear off your plate Dessert
79%
Have some more chicken, have some more ___ Pie
79%
It doesn't matter if it's ______ or fried Boiled
77%
It doesn't matter if it's boiled or _____, just eat it, eat it, eat it, eat it Fried
77%
Get yourself an egg and ___ it (oh lord) Beat
76%
Don't want to hear about what kind of food you _____ Hate
76%
It doesn't _______ what you had for lunch Matter
75%
Don't want no Captain Crunch, don't want no _____ Raisin Bran
75%
You haven't even touched your tuna _______ Casserole
73%
Don't you ____ me repeat it (oh no) Make
73%
Your table manners are some cryin' ____ Shame
73%
Have a _____, have a whole bunch Banana
72%
Have a banana, have a whole _____ Bunch
72%
Have some more ______, have some more pie Chicken
70%
Have a big _____, have a light snack Dinner
70%
Don't you make me _____ it Repeat
69%
You better ____ down or it's gonna get cold Chow
68%
Weird Al Yankovic's "Eat It" How come you're always such a ____ young man Fussy
68%
If it's gettin' cold, ______ it Reheat
68%
Have some more yogurt, have some more ____ Spam
66%
Don't want to argue don't want to _____ Debate
63%
Open up your mouth and _____ Feed it
62%
If you don't like it, you can't ____ it back, just eat it, eat it, eat it, eat it Send
61%
It doesn't matter if it's ____ or canned Fresh
59%
You better _____, better do what you're told Listen
51%
No matching quizzes found
Score Distribution
Percent of People with Each Score
Percentile by Number Answered
Your Score History
You have not taken this quiz